The riders of the plains : a record of the Royal North-West Mounted Police of Canada, 1873-1918 /

Uloženo v:
Podrobná bibliografie
Hlavní autor: Haydon, A. L. (Arthur Lincoln), 1872-
Médium: Kniha
Jazyk:English
Vydáno: London : A. Pelrose, 1926.
Vydání:6th ed.
Témata:
LEADER 00936nam a2200253 i 4500
001 c000257772
003 CARM
005 00000000000000.0
008 850814s1926 enka 000 0 eng d
019 1 |a 9710836  |5 LACONCORD2021 
035 |a (OCoLC)56252363  |5 LACONCORD2021 
043 |a n-cn--- 
045 |a w7x1 
082 0 4 |a 363.20971 
100 1 |a Haydon, A. L.  |q (Arthur Lincoln),  |d 1872- 
245 1 4 |a The riders of the plains :  |b a record of the Royal North-West Mounted Police of Canada, 1873-1918 /  |c by A.L. Haydon. 
250 |a 6th ed. 
260 |a London :  |b A. Pelrose,  |c 1926. 
300 |a 417 p. :  |b ill. 
610 2 0 |a Royal Canadian Mounted Police. 
651 0 |a Northwest Territories. 
852 8 |b CARM  |h A2:AQ29A0  |i B07137  |p 0361036  |f BK 
999 f f |i 37839bb1-f18a-57da-ac6e-f58d80091284  |s 139c6707-2bc4-5792-9373-f6efabd01cdb 
952 f f |p Can circulate  |a CAVAL  |b CAVAL  |c CAVAL  |d CARM 1 Store  |e B07137  |f A2:AQ29A0  |h Other scheme  |i book  |m 0361036